Sidewinder's Bollywood Quiz I - Statistics

General Stats
  • This quiz has been taken 882 times
  • The average score is 4 of 10
Answer Stats
Hint Answer % Correct
What is Shahrukh Khan's name in the movie Kabhi Khushi Kabhi Gam? Rahul
94%
In what year did Sushmita Sen win the Miss Universe pageant? 1994
67%
Name the director of the movie "Zindagi Na Milegi Dobara" Zoya Akhtar
60%
Can you name Smita Patil and Raj Babbar's son? Prateik Babbar
35%
Name the daughter of poet Gulzar and actress Rakhi Meghna Gulzar
32%
What is the last name of the bollywood music director duo Jatin-Lalit? Pandit
29%
Can you name actor Aamir Khan's first wife? Reena Dutta
29%
What is the name of Amitabh Bachchan's residence in Mumbai? Prateeksha
22%
Name Arbaaz Khan's debut movie Daraar
17%
What is Manisha Koirala's name in the movie Gupt? Sheetal
7%
No matching quizzes found
Score Distribution
Percent of People with Each Score
Percentile by Number Answered
Your Score History
You have not taken this quiz